| 000 | 00422nam a2200181Ia 4500 | ||
|---|---|---|---|
| 001 | 9424 | ||
| 005 | 20260306161717.0 | ||
| 008 | 260306t2000||||xx |||||||||||||| ||spa|| | ||
| 041 | _aESP | ||
| 082 |
_a378.9 _bI491 |
||
| 100 |
_aIyanga Pendi, Augusto _eAUT |
||
| 245 | 0 | _aHistoria de la universidad en Europa | |
| 260 | _c2000 | ||
| 300 |
_a256p _c20cm. |
||
| 650 | _aGEN | ||
| 654 | _aCED | ||
| 942 |
_cLIB _dJUS _fJUS _2ddc _n |
||
| 999 |
_c9424 _d9424 |
||